Business economics/ (Record no. 1215)

MARC details
000 -LEADER
fixed length control field 00589cam a2200229ua 4500
005 - DATE AND TIME OF LATEST TRANSACTION
control field 20231114123816.0
008 - FIXED-LENGTH DATA ELEMENTS--GENERAL INFORMATION
fixed length control field 110702n ii |||gr||||Z||||||eng
020 ## - INTERNATIONAL STANDARD BOOK NUMBER
International Standard Book Number 81-219-1791-3
040 ## - CATALOGING SOURCE
Transcribing agency MAIN
Original cataloging agency IN-DiNC
041 ## - LANGUAGE CODE
Language code of sung or spoken text English
082 ## - DEWEY DECIMAL CLASSIFICATION NUMBER
Classification number 338.5
Item number AHU
100 ## - MAIN ENTRY--PERSONAL NAME
Personal name Ahuja, H L.,
Relator term Author
245 ## - TITLE STATEMENT
Title Business economics/
Statement of responsibility, etc. By H L Ahuja.
250 ## - EDITION STATEMENT
Edition statement 6th.
260 ## - PUBLICATION, DISTRIBUTION, ETC.
Place of publication, distribution, etc. New Delhi.:
Name of publisher, distributor, etc. S chand.,
Date of publication, distribution, etc. 2006.
300 ## - PHYSICAL DESCRIPTION
Extent xv, 6635p.:
Dimensions 30 cm.
650 ## - SUBJECT ADDED ENTRY--TOPICAL TERM
Topical term or geographic name entry element Consumer behaviour
650 ## - SUBJECT ADDED ENTRY--TOPICAL TERM
Topical term or geographic name entry element Production and cost
942 ## - ADDED ENTRY ELEMENTS (KOHA)
Koha item type Books
Source of classification or shelving scheme Dewey Decimal Classification
653 ## - INDEX TERM--UNCONTROLLED
Uncontrolled term Economics.
653 ## - INDEX TERM--UNCONTROLLED
Uncontrolled term Business economics.
Holdings
Withdrawn status Lost status Damaged status Not for loan Home library Current library Shelving location Date acquired Total Checkouts Full call number Barcode Date last seen Date last checked out Copy number Price effective from Koha item type Source of classification or shelving scheme Collection code Cost, normal purchase price Date due
        Central Library, Naharkatiya College Central Library, Naharkatiya College General Stacks 19/09/2020 5 338.5 | AHU 16275 18/09/2025 04/09/2025 1 19/09/2020 Books        
        Central Library, Naharkatiya College Central Library, Naharkatiya College General Stacks 14/11/2023 3 338.5 AHU 18248 13/09/2025 05/08/2025 2 14/11/2023 Books Dewey Decimal Classification Economics 275.00  
        Central Library, Naharkatiya College Central Library, Naharkatiya College General Stacks 14/11/2023 1 338.5 AHU 18249 31/07/2024 24/06/2024 3 14/11/2023 Books Dewey Decimal Classification Economics 275.00  
        Central Library, Naharkatiya College Central Library, Naharkatiya College General Stacks 24/06/2024 2 338.5 AHU 16274 12/08/2025 12/08/2025 4 24/06/2024 Books Dewey Decimal Classification Commerce 230.00 27/08/2025
        Central Library, Naharkatiya College Central Library, Naharkatiya College General Stacks 18/08/2025 2 338.5 AHU 17737 26/09/2025 15/09/2025 5 18/08/2025 Books Dewey Decimal Classification Economics 275.00  

Naharkatiya College © 2020. All rights reserved.

Powered By